00535nam a22001811a 4500020001800000082001400018100001000032245004600042250000600088260005800094300001000152650002100162650002500183650001500208942000700223999001900230952010400249 a9789361003905 aM4bKEN/S aK E N aSamooham, sahithyam, samskaram/cby K E N a2 aThiruvananthapuram:bKerala Bhasha Institute, c2024. a368p. aEssays Malayalam aLiterature Malayalam aLiterature cBK c181556d181556 00104070aSSUSbSSUScSTACKSd2026-05-16g340.00l0oM4 KEN/Sp108575r2026-05-16w2026-05-16yBK